| 000 | 00937nam a2200265 i 4500 | ||
|---|---|---|---|
| 001 | 15666 | ||
| 003 | ES-MaACL | ||
| 005 | 20231221153152.0 | ||
| 007 | t| | ||
| 008 | 000504s1985 sp |||| | spa d | ||
| 020 | _a84-7587-037-6 | ||
| 080 | _a338(468.1)"1939/75" | ||
| 080 | _a308(468.1)"1939/75" | ||
| 100 | 1 |
_aComín, Alfonso C. _940007 |
|
| 245 | 1 | 0 |
_aNoticia de Andalucía / _cAlfonso C. Comín ; introducción, Felipe González Márquez. |
| 260 |
_aSevilla : _bAndaluzas Unidas, _c1985. |
||
| 300 |
_a338 p. ; _c19 cm. |
||
| 490 | 1 |
_aBiblioteca de cultura andaluza ; _v29. _aEnsayo |
|
| 651 | 4 |
_aAndalucía- _xSituación económica- _y1939-1975. _9167763 |
|
| 651 |
_aAndalucía- _xSituación social- _y1939-1975. _97775 |
||
| 700 | 1 |
_aGonzález Márquez, Felipe, _d1942- _958780 |
|
| 830 | 0 |
_aBiblioteca de cultura andaluza ; _v29. _aEnsayo _9228596 |
|
| 852 |
_aES-MaACL _jL-22974 |
||
| 999 |
_c15666 _d15666 |
||